000 00502nam a2200157 4500
001 145385
003 ES-MaACL
005 20230906201224.0
007 t|
008 070214s1958 sp r ||||1| spa d
100 1 _aSoroa y Pineda, José María de.
_9107414
245 1 3 _aLa soja
_b: cultivo, aprovechamiento, industrias /
_cJosé Mª de Soroa y Pineda.
260 _aMadrid :
_bDossat,
_c1958 (
_fReyes)
300 _a56 p., 1 lám. col. :
_bil. ;
_c21 cm.
852 _aES-MaACL
_j2008-F-13
_bR.42440
999 _c145385
_d145385